[Event "Sao Paulo Sampa op"]
[Site "Sao Paulo"]
[Date "2024.01.30"]
[Round "3"]
[White "Vargas, Goncalo Cintra"]
[Black "Perdomo, Leandro Daniel"]
[Result "0-1"]
[WhiteElo "2041"]
[BlackElo "2381"]
[PlyCount "61"]
[EventDate "2024.01.29"]
[EventType "swiss"]
[EventRounds "9"]
[EventCountry "BRA"]
[SourceTitle "CB06_2024"]
[SourceDate "2024.02.07"]
[SourceVersion "1"]
[SourceVersionDate "2024.02.07"]
[SourceQuality "1"]

1. Nf3 Nf6 2. b3 g6 3. Bb2 Bg7 4. c4 0-0 5. g3 d6 6. Bg2 e5 7. d3 c5 8. 0-0 Nc6 9. Nc3 Ne8 10. Qd2 Nc7 11. Rad1 a6 12. e3 f5 13. Na4 Ne6 14. Nc3 Bd7 15. Nd5 b5 16. Ne1 g5 17. f4 g4 18. Bc3 b4 19. Ba1 a5 20. Nc2 a4 21. Rb1 axb3 22. axb3 Ra2 23. Rb2 Ra7 24. Rbb1 Be8 25. Rf2 Ra2 26. Rbf1 Nc7 27. fxe5 dxe5 28. Qd1 Nxd5 29. Bxd5+ Kh8 30. e4 Qg5 31. exf5 0-1

[Event "Caioba Telecom op"]
[Site "Caioba"]
[Date "2017.09.30"]
[Round "6"]
[White "Sega, Carlos Alberto"]
[Black "Vargas, Goncalo Cintra"]
[Result "1/2-1/2"]
[WhiteElo "2236"]
[BlackElo "2054"]
[PlyCount "37"]
[EventDate "2017.09.28"]
[EventType "swiss"]
[EventRounds "8"]
[EventCountry "BRA"]
[SourceTitle "EXT 2018"]
[Source "ChessBase"]
[SourceDate "2017.10.13"]
[SourceVersion "1"]
[SourceVersionDate "2017.10.13"]
[SourceQuality "1"]

1. c4 f5 2. g3 g6 3. Bg2 Bg7 4. Nc3 Nf6 5. e3 e5 6. Nge2 c6 7. 0-0 d6 8. d4 0-0 9. b3 Re8 10. Ba3 e4 11. Rb1 a5 12. d5 c5 13. Nb5 Na6 14. Bb2 Nb4 15. Nc1 b6 16. a3 Na6 17. h3 Nc7 18. Nxc7 Qxc7 19. Ne2 1/2-1/2

[Event "Caioba Telecom op"]
[Site "Caioba"]
[Date "2017.09.30"]
[Round "5"]
[White "Vargas, Goncalo Cintra"]
[Black "Melo, Sergio Roberto Samp"]
[Result "1-0"]
[WhiteElo "2054"]
[BlackElo "1756"]
[PlyCount "24"]
[EventDate "2017.09.28"]
[EventType "swiss"]
[EventRounds "8"]
[EventCountry "BRA"]
[SourceTitle "EXT 2018"]
[Source "ChessBase"]
[SourceDate "2017.10.13"]
[SourceVersion "1"]
[SourceVersionDate "2017.10.13"]
[SourceQuality "1"]

1. Nf3 Nf6 2. d4 e6 3. e3 b6 4. Bd3 Bb7 5. 0-0 c5 6. b3 Be7 7. Bb2 0-0 8. Nbd2 Nc6 9. c3 cxd4 10. exd4 d5 11. Rc1 Rc8 12. Re1 Re8 1-0

[Event "Aldeia de Barueri op"]
[Site "Aldeia de Barueri"]
[Date "2017.08.06"]
[Round "5"]
[White "Vargas, Goncalo Cintra"]
[Black "Bonfim, Regina Rodrigues"]
[Result "1-0"]
[WhiteElo "2061"]
[BlackElo "1774"]
[PlyCount "59"]
[EventDate "2017.08.04"]
[EventType "swiss"]
[EventRounds "6"]
[EventCountry "BRA"]
[SourceTitle "CBM 180 Extra"]
[Source "ChessBase"]
[SourceDate "2017.10.06"]
[SourceVersion "1"]
[SourceVersionDate "2017.10.06"]
[SourceQuality "1"]

1. d4 d5 2. Bf4 e6 3. e3 Bd6 4. Bg3 Nf6 5. Bd3 0-0 6. c3 c5 7. Nd2 c4 8. Bc2 b5 9. e4 Bxg3 10. hxg3 g6 11. e5 Nfd7 12. f4 f5 13. g4 Nc6 14. Nh3 Qh4+ 15. Nf2 Qg3 16. gxf5 exf5 17. Qf3 Qxf3 18. Nxf3 Re8 19. Kd2 Nf8 20. Ng5 Nd8 21. a4 Bd7 22. Nd1 Nde6 23. Nxe6 Nxe6 24. g3 b4 25. Ne3 b3 26. Bd1 Bc6 27. Bf3 Rac8 28. Nxd5 Bxd5 29. Bxd5 Kg7 30. a5 1-0

[Event "Aldeia de Barueri op"]
[Site "Aldeia de Barueri"]
[Date "2017.08.04"]
[Round "2"]
[White "Languidey, Simon Alejandro"]
[Black "Vargas, Goncalo Cintra"]
[Result "1-0"]
[WhiteElo "2365"]
[BlackElo "2061"]
[PlyCount "70"]
[EventDate "2017.08.04"]
[EventType "swiss"]
[EventRounds "6"]
[EventCountry "BRA"]
[SourceTitle "CBM 180 Extra"]
[Source "ChessBase"]
[SourceDate "2017.10.06"]
[SourceVersion "1"]
[SourceVersionDate "2017.10.06"]
[SourceQuality "1"]

1. e4 Nf6 2. e5 Nd5 3. Bc4 Nb6 4. Bb3 Nc6 5. Nf3 d6 6. exd6 exd6 7. d4 Be7 8. 0-0 Na5 9. h3 0-0 10. Bf4 Bf5 11. Nbd2 Bf6 12. c3 Nxb3 13. Qxb3 Re8 14. Rfe1 Qd7 15. Nf1 h6 16. Ne3 Be4 17. Nd2 Bh7 18. Ng4 Bg5 19. Bxg5 hxg5 20. Nf3 Qf5 21. Ne3 Qf4 22. a4 a5 23. Qb5 g4 24. Nd5 c6 25. Qxb6 cxd5 26. hxg4 Be4 27. Nh2 Re6 28. g3 Qd2 29. Re3 Rh6 30. Rf1 Kh7 31. Qxb7 Rh8 32. Rxe4 dxe4 33. Qxe4+ g6 34. Nf3 Qxb2 35. g5 Rh3 1-0

[Event "Curitiba IEP&Copel op"]
[Site "Curitiba"]
[Date "2017.05.12"]
[Round "2"]
[White "Vargas, Goncalo Cintra"]
[Black "Feller, Gabriela Luisa Vice"]
[Result "1-0"]
[WhiteElo "2065"]
[BlackElo "1572"]
[PlyCount "83"]
[EventDate "2017.05.12"]
[EventType "swiss"]
[EventRounds "6"]
[EventCountry "BRA"]
[SourceTitle "CBM 178 Extra"]
[Source "ChessBase"]
[SourceDate "2017.06.22"]
[SourceVersion "1"]
[SourceVersionDate "2017.06.22"]
[SourceQuality "1"]

1. d4 Nf6 2. Bf4 d6 3. e3 g6 4. Be2 Bg7 5. c4 0-0 6. h3 Nbd7 7. Nf3 c5 8. 0-0 b6 9. Nc3 Bb7 10. Qc2 Rc8 11. d5 a6 12. e4 Qc7 13. Bh2 Ne8 14. Rad1 Ne5 15. Nd2 f5 16. f4 Nd7 17. exf5 Rxf5 18. Bg4 Bd4+ 19. Kh1 Rf8 20. Nf3 Bg7 21. Ng5 Nef6 22. Ne6 Qb8 23. Nxf8 Rxf8 24. Be6+ Kh8 25. f5 gxf5 26. Rxf5 Bc8 27. Rdf1 Re8 28. Ne4 Nxe4 29. Qxe4 Nf6 30. Qh4 Bxe6 31. dxe6 Qc8 32. Re1 Qc6 33. Bf4 Rg8 34. Bg5 Qa4 35. Bxf6 Bxf6 36. Rxf6 exf6 37. Qxf6+ Rg7 38. e7 Qe8 39. Qxd6 a5 40. Qd8 Rg8 41. Qxb6 Qa8 42. Qf6+ 1-0

[Event "Sao Paulo Hebraica op 24th"]
[Site "Sao Paulo"]
[Date "2017.01.15"]
[Round "5"]
[White "Cardozo, Matheus Santos"]
[Black "Vargas, Goncalo Cintra"]
[Result "0-1"]
[WhiteElo "1804"]
[BlackElo "2076"]
[PlyCount "78"]
[EventDate "2017.01.13"]
[EventType "swiss"]
[EventRounds "6"]
[EventCountry "BRA"]
[SourceTitle "CBM 176 Extra"]
[Source "ChessBase"]
[SourceDate "2017.03.02"]
[SourceVersion "1"]
[SourceVersionDate "2017.03.02"]
[SourceQuality "1"]

1. d4 g6 2. c4 Bg7 3. Nc3 d6 4. g3 Nc6 5. e3 Nf6 6. Bg2 0-0 7. Nge2 e5 8. 0-0 Bg4 9. h3 Bd7 10. b3 Nh5 11. Bb2 f5 12. f4 exd4 13. exd4 Re8 14. d5 Nb4 15. Qd2 a5 16. Rae1 Qf6 17. Ba1 Qf7 18. Kh2 Na6 19. Nd4 Nc5 20. Ncb5 Bxb5 21. cxb5 Nf6 22. Ne6 Nfe4 23. Bxe4 Nxe4 24. Qe3 Bxa1 25. Rxa1 c6 26. bxc6 bxc6 27. Qd4 cxd5 28. Ng5 Nxg5 29. fxg5 Re2+ 30. Rf2 Rae8 31. Raf1 Qe6 32. Rxe2 Qxe2+ 33. Rf2 Qe4 34. Qf6 Qe5 35. Rd2 d4 36. Rc2 Qxf6 37. gxf6 d3 38. Rc1 Re2+ 39. Kg1 d2 0-1

[Event "Sao Paulo Hebraica op 24th"]
[Site "Sao Paulo"]
[Date "2017.01.15"]
[Round "6"]
[White "Vargas, Goncalo Cintra"]
[Black "Luz, Arthur Nader"]
[Result "0-1"]
[WhiteElo "2076"]
[BlackElo "2077"]
[PlyCount "88"]
[EventDate "2017.01.13"]
[EventType "swiss"]
[EventRounds "6"]
[EventCountry "BRA"]
[SourceTitle "CBM 176 Extra"]
[Source "ChessBase"]
[SourceDate "2017.03.02"]
[SourceVersion "1"]
[SourceVersionDate "2017.03.02"]
[SourceQuality "1"]

1. Nf3 Nf6 2. d4 d5 3. Bf4 e6 4. e3 c5 5. c3 Nc6 6. Nbd2 Bd6 7. Bg3 0-0 8. Bd3 Qe7 9. Bh4 e5 10. dxe5 Nxe5 11. Nxe5 Bxe5 12. Qc2 h6 13. Nf3 d4 14. Nxe5 Qxe5 15. 0-0 dxe3 16. Bxf6 Qxf6 17. fxe3 Qe5 18. Rf3 Be6 19. Raf1 Rfd8 20. b3 Rd7 21. Bf5 Bxf5 22. Qxf5 Qxf5 23. Rxf5 b6 24. c4 a5 25. Rd5 Rxd5 26. cxd5 Re8 27. Kf2 Re5 28. Rd1 Kf8 29. Kf3 Ke7 30. Kf4 Kd6 31. e4 g5+ 32. Kf3 f5 33. exf5 Rxf5+ 34. Kg4 Rf4+ 35. Kh5 Rh4+ 36. Kg6 Rxh2 37. Rd2 g4 38. Kf5 h5 39. Kg5 g3 40. Kf4 h4 41. Kf3 h3 42. Kxg3 Rxg2+ 43. Rxg2 hxg2 44. Kxg2 Kxd5 0-1

[Event "Sao Paulo Hebraica op 24th"]
[Site "Sao Paulo"]
[Date "2017.01.13"]
[Round "2"]
[White "Vargas, Goncalo Cintra"]
[Black "Costa, Giovanni de Almeida"]
[Result "1-0"]
[WhiteElo "2076"]
[BlackElo "1871"]
[PlyCount "64"]
[EventDate "2017.01.13"]
[EventType "swiss"]
[EventRounds "6"]
[EventCountry "BRA"]
[SourceTitle "CBM 176 Extra"]
[Source "ChessBase"]
[SourceDate "2017.03.02"]
[SourceVersion "1"]
[SourceVersionDate "2017.03.02"]
[SourceQuality "1"]

1. Nf3 d5 2. d4 Bf5 3. Bf4 e6 4. e3 c6 5. Be2 Nf6 6. 0-0 Be7 7. c4 Nbd7 8. Nc3 0-0 9. Nh4 Bg6 10. h3 Ne4 11. Nxg6 hxg6 12. cxd5 Nxc3 13. bxc3 exd5 14. Rb1 b5 15. Bd3 Nf6 16. Re1 Ne4 17. Qc2 f5 18. f3 Nd6 19. Bh2 Nc4 20. Rbd1 Bg5 21. Bxc4 bxc4 22. e4 fxe4 23. fxe4 Bh4 24. Rf1 Qg5 25. e5 Qe3+ 26. Kh1 Rf2 27. Rxf2 Bxf2 28. Qxg6 Rf8 29. e6 Be1 30. Bg1 Qe2 31. Rb1 Bh4 32. Rb7 Qd3 1-0

[Event "Sao Paulo-B U2050 op 5th"]
[Site "Sao Paulo"]
[Date "2016.10.16"]
[Round "5.6"]
[White "Vargas, Goncalo Cintra"]
[Black "Mileski, Lucas de Souza"]
[Result "1-0"]
[WhiteElo "2046"]
[BlackElo "1775"]
[PlyCount "53"]
[EventDate "2016.10.13"]
[EventType "swiss"]
[EventRounds "6"]
[EventCountry "BRA"]
[SourceTitle "EXT 2022"]
[Source "ChessBase"]
[SourceDate "2021.10.06"]
[SourceVersion "1"]
[SourceVersionDate "2021.10.06"]
[SourceQuality "1"]

1. Nf3 d5 2. d4 Nf6 3. Bf4 e6 4. e3 Bd6 5. Ne5 0-0 6. Bd3 Qe7 7. 0-0 Nbd7 8. Nd2 c5 9. c3 h6 10. Qf3 Bb8 11. Qh3 c4 12. Bc2 Nxe5 13. dxe5 Nd7 14. Nf3 f5 15. g4 g5 16. gxf5 exf5 17. Qxh6 gxf4 18. Kh1 Nxe5 19. Rg1+ Kf7 20. Rg7+ Ke8 21. Rxe7+ Kxe7 22. Nxe5 Bxe5 23. exf4 Rh8 24. Qg6 Be6 25. fxe5 Rag8 26. Qf6+ Kd7 27. Ba4+ 1-0

[Event "Sao Paulo Segal Memorial 1st"]
[Site "Sao Paulo"]
[Date "2016.05.21"]
[Round "3"]
[White "Vargas, Goncalo Cintra"]
[Black "Dos Reis, Leandro Aparecido C"]
[Result "0-1"]
[WhiteElo "2092"]
[BlackElo "1953"]
[PlyCount "100"]
[EventDate "2016.05.20"]
[EventType "swiss"]
[EventRounds "6"]
[EventCountry "BRA"]
[SourceTitle "CBM 172 Extra"]
[Source "ChessBase"]
[SourceDate "2016.06.21"]
[SourceVersion "1"]
[SourceVersionDate "2016.06.21"]
[SourceQuality "1"]

1. Nf3 Nf6 2. d4 g6 3. Bf4 Bg7 4. e3 0-0 5. Be2 c5 6. c3 Qb6 7. Qb3 Qxb3 8. axb3 cxd4 9. exd4 Nc6 10. Na3 d6 11. 0-0 b6 12. b4 Bb7 13. b5 Na5 14. Nd2 Bd5 15. c4 Be6 16. b4 Nb7 17. Bf3 d5 18. Be5 a6 19. bxa6 Rxa6 20. c5 bxc5 21. bxc5 Bh6 22. Nb3 Nd7 23. Bg3 Nd8 24. Nb5 Rxa1 25. Rxa1 Nc6 26. Ra6 Rc8 27. h3 Bg7 28. Kf1 Nf6 29. Nc7 Bd7 30. Bxd5 Nb4 31. Ra7 Nbxd5 32. Ke1 Nxc7 33. Bxc7 Bc6 34. f3 Nd5 35. Bg3 Ra8 36. Ra5 e6 37. Kd2 Ne7 38. Kc3 Nf5 39. Bf2 Rd8 40. g4 Ne7 41. Nd2 e5 42. dxe5 Bxe5+ 43. Kc2 Bf4 44. Nb3 Bxf3 45. Nd4 Be4+ 46. Kb3 Nc6 47. Ra4 Be5 48. Kc3 Bd5 49. Kd2 Bb3 50. Ra3 Nxd4 0-1

[Event "Sao Paulo Weekly Clube Sao Paulo 1st"]
[Site "Sao Paulo"]
[Date "2016.04.20"]
[Round "4.3"]
[White "Vargas, Goncalo Cintra"]
[Black "Heinrichs, Vivian"]
[Result "1-0"]
[WhiteElo "2092"]
[BlackElo "1971"]
[PlyCount "83"]
[EventDate "2016.03.30"]
[EventType "swiss"]
[EventRounds "5"]
[EventCountry "BRA"]
[SourceTitle "EXT 2022"]
[Source "ChessBase"]
[SourceDate "2021.10.06"]
[SourceVersion "1"]
[SourceVersionDate "2021.10.06"]
[SourceQuality "1"]

1. Nf3 Nf6 2. d4 g6 3. Bf4 Bg7 4. e3 d6 5. Be2 0-0 6. h3 Nbd7 7. 0-0 c6 8. c4 Qe8 9. Nc3 e5 10. Bh2 Qe7 11. b4 Ne8 12. Qb3 Kh8 13. Rad1 f5 14. c5 dxc5 15. dxc5 e4 16. Nd4 Ne5 17. Bc4 Nc7 18. Nce2 g5 19. f3 exf3 20. Bxe5 f2+ 21. Rxf2 Bxe5 22. Rdf1 Bg7 23. Nxf5 Bxf5 24. Rxf5 Rxf5 25. Rxf5 Rf8 26. Ng3 Be5 27. Rxf8+ Qxf8 28. Ne4 g4 29. h4 g3 30. Qd1 Qe7 31. Qg4 Nd5 32. Nxg3 Bxg3 33. Qxg3 Qxe3+ 34. Qxe3 Nxe3 35. Bb3 Nf5 36. h5 Ng3 37. Bd1 Ne4 38. Kf1 Kg7 39. Bf3 Nc3 40. a3 a5 41. bxa5 Na4 42. Bxc6 1-0

[Event "PAR-ch"]
[Site "Asuncion"]
[Date "2009.09.13"]
[Round "8"]
[White "Vargas, Goncalo Cintra"]
[Black "Latorre Lopez Moreira, Luis Matias"]
[Result "0-1"]
[WhiteElo "2092"]
[BlackElo "2032"]
[PlyCount "140"]
[EventDate "2009.09.06"]
[EventType "swiss"]
[EventRounds "9"]
[EventCountry "PAR"]
[SourceTitle "CBM 132 Extra"]
[Source "ChessBase"]
[SourceDate "2009.11.03"]
[SourceVersion "1"]
[SourceVersionDate "2009.11.03"]
[SourceQuality "1"]

1. d4 d5 2. c4 c6 3. cxd5 cxd5 4. Nc3 Nc6 5. Nf3 Nf6 6. Bf4 Bf5 7. e3 Qb6 8. Qb3 Qxb3 9. axb3 Bd7 10. Ne5 e6 11. Nxd7 Kxd7 12. Be2 Bb4 13. 0-0 Rhc8 14. Na2 Ne4 15. Rfc1 Bd2 16. Rd1 Ba5 17. f3 Nd6 18. Nc3 Bd8 19. e4 Bb6 20. Be3 e5 21. Bb5 Nxb5 22. Nxb5 a6 23. exd5 Ne7 24. Na3 Nf5 25. Bf2 exd4 26. Nc4 Bc5 27. g4 Ne3 28. Rdc1 Nxd5 29. Rd1 Nf4 30. Kf1 Ne6 31. f4 Ke7 32. f5 Ng5 33. Bxd4 Bxd4 34. Rxd4 Rd8 35. Re1+ Kf8 36. Red1 Rxd4 37. Rxd4 b5 38. Nb6 Re8 39. Nd7+ Kg8 40. Nc5 Nf3 41. Rf4 Nd2+ 42. Kf2 Rd8 43. Rb4 Rd6 44. Nxa6 Rxa6 45. Rxb5 h5 46. gxh5 Ne4+ 47. Ke3 Nd6 48. Rd5 Rb6 49. Kd4 Nb7 50. Kc4 Kf8 51. b4 Ke7 52. b5 f6 53. h4 Rd6 54. b4 Kd7 55. b6 Kc6 56. Rd4 Rxd4+ 57. Kxd4 Nd6 58. Ke3 Kxb6 59. Kf4 Nf7 60. Ke4 Kc6 61. b5+ Kxb5 62. Kd5 Nh6 63. Ke6 Kc5 64. Ke7 Kd5 65. Kf8 Nxf5 66. Kf7 Ke5 67. Kg6 Ke6 68. h6 gxh6 69. h5 Ke5 70. Kh7 Ng3 0-1

[Event "PAR-ch"]
[Site "Asuncion"]
[Date "2009.09.11"]
[Round "6"]
[White "Almiron, Antonio"]
[Black "Vargas, Goncalo Cintra"]
[Result "1-0"]
[WhiteElo "2083"]
[BlackElo "2092"]
[PlyCount "49"]
[EventDate "2009.09.06"]
[EventType "swiss"]
[EventRounds "9"]
[EventCountry "PAR"]
[SourceTitle "CBM 132 Extra"]
[Source "ChessBase"]
[SourceDate "2009.11.03"]
[SourceVersion "1"]
[SourceVersionDate "2009.11.03"]
[SourceQuality "1"]

1. e4 e6 2. d4 d5 3. e5 c5 4. c3 Nc6 5. Nf3 Qb6 6. a3 Nh6 7. b4 cxd4 8. cxd4 Nf5 9. Be3 Bd7 10. Bd3 Rc8 11. 0-0 Nxe3 12. fxe3 Be7 13. Nbd2 Nb8 14. Qe2 Ba4 15. Rac1 0-0 16. Nb1 Bd7 17. Nbd2 a5 18. b5 Rxc1 19. Rxc1 Bxa3 20. Bxh7+ Kxh7 21. Ng5+ Kg6 22. Qg4 f5 23. Qh4 Bxc1 24. Qh7+ Kxg5 25. Nf3+ 1-0